Guess the lyrics (#116) - Statistics

General Stats
  • This quiz has been taken 22 times
  • The average score is 72 of 140
Answer Stats
answer % Correct
a
100%
I
100%
he
94%
it
94%
It
94%
me
89%
me;
89%
on
89%
the
89%
and
83%
be
83%
go
83%
in
83%
like
83%
to
83%
her
78%
is
78%
of
78%
your
78%
all
72%
it's
72%
my
72%
want
72%
head,
61%
I'm
61%
Now
61%
now,
61%
was
61%
can't
56%
'cause
56%
going
56%
how
56%
I've
56%
just
56%
this?
56%
because
50%
but
50%
But
50%
into
50%
let
50%
only
50%
up
50%
did
44%
his
44%
out
44%
been
39%
end
39%
off
39%
she's
39%
they're
39%
with
39%
look,
33%
never
33%
bed
28%
Brightside
28%
doing
28%
fine
28%
he's
28%
kiss,
28%
kiss
28%
Mr.
28%
Open
28%
cab
22%
calling
22%
choking
22%
destiny
22%
dress
22%
eyes,
22%
pay,
22%
price
22%
sea
22%
sick
22%
stomach
22%
takes
22%
taking
22%
alibis
17%
down,
17%
eager
17%
falling
17%
Gotta,
17%
gotta
17%
Jealousy,
17%
killing
17%
lullabies,
17%
started
17%
through
17%
asleep
11%
cage
11%
chest
11%
Coming
11%
control
11%
drag
11%
touching
11%
turning
11%
while
11%
having
6%
smoke
6%
saints
0%
swimming
0%
No matching quizzes found
Score Distribution
Percent of People with Each Score
Percentile by Number Answered
Your Score History
You have not taken this quiz